000 00214 a2200109 4500
020 _a9780593571675
041 _aeng
100 _aAvant-garde, Zaila
245 _aWords Are Magic!
942 _cBK
999 _c29952
_d29950
999 _d29950